[Event "SWE-chT2 1112"]
[Site "Sweden"]
[Date "2012.03.11"]
[Round "9"]
[White "Setterqvist, Kurt"]
[Black "Rahul, Kumar Pune"]
[Result "1-0"]
[WhiteElo "2313"]
[BlackElo "2091"]
[PlyCount "121"]
[EventDate "2011.10.22"]
[EventType "team-tourn"]
[EventRounds "9"]
[EventCountry "SWE"]
[SourceTitle "EXT 2013"]
[Source "ChessBase"]
[SourceDate "2012.11.22"]
[SourceVersion "1"]
[SourceVersionDate "2012.11.22"]
[SourceQuality "1"]
[WhiteTeam "Lulea"]
[BlackTeam "Orgryte"]
[WhiteTeamCountry "SWE"]
[BlackTeamCountry "SWE"]

1. Nf3 Nf6 2. c4 c5 3. g3 g6 4. Bg2 Bg7 5. 0-0 0-0 6. d4 cxd4 7. Nxd4 Nc6 8. Nc3 a6 9. Nc2 d6 10. Bd2 Bd7 11. Ne3 Rc8 12. Rc1 Re8 13. b3 Rb8 14. a4 Nd4 15. Ned5 Nxd5 16. Nxd5 e6 17. Ne3 Qb6 18. b4 Rbc8 19. a5 Qc7 20. Bc3 Ba4 21. Qd3 Nf5 22. Nxf5 gxf5 23. Bxg7 Kxg7 24. Qe3 h6 25. Qd4+ f6 26. e4 fxe4 27. Qxe4 Bc6 28. Qg4+ Kh7 29. Qf4 Bxg2 30. Kxg2 f5 31. Rfd1 Qc6+ 32. Kg1 Rcd8 33. Rd4 Kg6 34. Qd2 Re7 35. Rd1 Red7 36. Rh4 Rh7 37. Qe2 Kf6 38. Qe3 h5 39. Qe2 Rdh8 40. Qd2 Rd8 41. Qe2 Rdh8 42. Rhd4 Rd8 43. h4 e5 44. Rd5 Rh6 45. c5 Kf7 46. cxd6 Rdxd6 47. Rxd6 Rxd6 48. Qxh5+ Ke7 49. Qh7+ Kd8 50. Qg8+ Kc7 51. Qf7+ Kd8 52. Qf8+ Kd7 53. Qxd6+ Qxd6 54. Rxd6+ Kxd6 55. f3 Kd5 56. Kf2 e4 57. fxe4+ Kxe4 58. h5 Ke5 59. Kf3 Ke6 60. Kf4 Kf6 61. h6 1-0

[Event "SWE-chT 0506"]
[Site "Sweden"]
[Date "2006.??.??"]
[Round "8"]
[White "Setterqvist, Kurt"]
[Black "Ornstein, Axel"]
[Result "0-1"]
[WhiteElo "2338"]
[BlackElo "2417"]
[PlyCount "132"]
[EventDate "2005.10.??"]
[EventType "team"]
[EventRounds "11"]
[EventCountry "SWE"]
[SourceTitle "EXT 2008"]
[Source "ChessBase"]
[SourceDate "2007.11.25"]
[SourceVersion "1"]
[SourceVersionDate "2007.11.25"]
[SourceQuality "1"]
[WhiteTeam "Lulea"]
[BlackTeam "Sodra"]
[WhiteTeamCountry "SWE"]
[BlackTeamCountry "SWE"]

1. d4 Nf6 2. Nf3 e6 3. Bg5 c5 4. e3 h6 5. Bxf6 Qxf6 6. Bd3 Nc6 7. c3 d5 8. 0-0 Qd8 9. Nbd2 Be7 10. Qe2 0-0 11. dxc5 Bxc5 12. e4 dxe4 13. Qxe4 g6 14. Rad1 e5 15. Nb3 Bd6 16. Bc4 Qf6 17. Qh4 g5 18. Qh5 e4 19. Nfd4 Ne5 20. Be2 Qg6 21. Qxg6+ Nxg6 22. Nb5 Be5 23. Nd6 Nf4 24. Bc4 Bg4 25. Rd2 Bxd6 26. Rxd6 Rad8 27. Rxd8 Rxd8 28. Nd4 Bh5 29. Re1 Bg6 30. g3 Nd3 31. Bxd3 exd3 32. f3 b5 33. Kf2 b4 34. Nc6 bxc3 35. bxc3 Rd6 36. Ne7+ Kg7 37. Nxg6 Kxg6 38. Rd1 Ra6 39. Rd2 Ra3 40. c4 Rc3 41. Ke3 Rxc4 42. Rxd3 Ra4 43. a3 h5 44. Kd2 h4 45. Ke3 f5 46. gxh4 Rxh4 47. Rd6+ Kh5 48. Ra6 Rxh2 49. Rxa7 Ra2 50. Rh7+ Kg6 51. Ra7 f4+ 52. Kd3 Rf2 53. Ra6+ Kh5 54. Ke4 Kh4 55. a4 Re2+ 56. Kf5 Re3 57. Rg6 Rc3 58. Rh6+ Kg3 59. Rh1 Rc5+ 60. Ke4 Rc4+ 61. Kf5 Rxa4 62. Rg1+ Kxf3 63. Kxg5 Ra8 64. Rb1 Kg3 65. Rg1+ Kf2 66. Rb1 f3 0-1

[Event "SWE-ch g/5'"]
[Site "Umea"]
[Date "2003.07.13"]
[Round "2"]
[White "Setterqvist, Kurt"]
[Black "Berg, Emanuel"]
[Result "0-1"]
[WhiteElo "2319"]
[BlackElo "2523"]
[PlyCount "76"]
[EventDate "2003.07.13"]
[EventType "tourn (blitz)"]
[EventRounds "9"]
[EventCountry "SWE"]
[EventCategory "4"]
[SourceTitle "EXT 2008"]
[Source "ChessBase"]
[SourceDate "2007.11.25"]
[SourceVersion "1"]
[SourceVersionDate "2007.11.25"]
[SourceQuality "1"]

1. c4 f5 2. g3 d6 3. Bg2 Nf6 4. Nc3 g6 5. d3 Bg7 6. e4 Nc6 7. Nge2 0-0 8. 0-0 e5 9. Nd5 h6 10. f3 Ne7 11. Be3 c6 12. Nxf6+ Rxf6 13. Qb3 Kh7 14. Rad1 Qc7 15. Nc3 Be6 16. Qc2 c5 17. Nd5 Bxd5 18. cxd5 Qd7 19. a4 f4 20. Bf2 g5 21. b3 h5 22. Kh1 a5 23. gxf4 Rxf4 24. Be3 Ng6 25. Rf2 Bh6 26. Bxf4 Nxf4 27. Rg1 Rb8 28. Bf1 Rf8 29. h4 g4 30. fxg4 hxg4 31. Qd1 Rg8 32. Rg3 Nh5 33. Rg1 Nf6 34. Rfg2 Bf4 35. Be2 g3 36. Rxg3 Bxg3 37. Rg2 Qh3+ 38. Kg1 Bh2+ 0-1

[Event "SWE-chT 9900"]
[Site "Sweden"]
[Date "2000.??.??"]
[Round "8"]
[White "Von Bahr, Oskar"]
[Black "Setterqvist, Kurt"]
[Result "1-0"]
[WhiteElo "2240"]
[BlackElo "2305"]
[PlyCount "109"]
[EventDate "1999.11.??"]
[EventType "team"]
[EventRounds "11"]
[EventCountry "SWE"]
[SourceTitle "EXT 2002"]
[Source "ChessBase"]
[SourceDate "2001.11.25"]
[SourceVersion "1"]
[SourceVersionDate "2001.11.25"]
[SourceQuality "1"]

1. e4 e6 2. d4 d5 3. Nc3 dxe4 4. Nxe4 Bd7 5. Nf3 Bc6 6. Bd3 Nd7 7. c3 Ngf6 8. Nxf6+ Nxf6 9. 0-0 Bxf3 10. Qxf3 c6 11. Re1 Be7 12. Bf4 0-0 13. Qh3 g6 14. Bc4 Nd5 15. Be5 Bf6 16. Qh6 Bxe5 17. dxe5 Ne7 18. Rad1 Qc7 19. Rd3 Nf5 20. Qg5 Rad8 21. Rf3 Rfe8 22. g4 Qe7 23. Qf4 Nh4 24. Rh3 g5 25. Qe3 b5 26. Bd3 Ng6 27. Be4 Rd5 28. Bxd5 exd5 29. Rh5 Nf4 30. Rh6 Ng6 31. Rh5 Nf4 32. Rh6 Ng6 33. Qd3 Qf8 34. Rh5 h6 35. Qd4 Nf4 36. Qxa7 Qd6 37. Qe3 Qg6 38. Rh3 f6 39. e6 f5 40. gxf5 Qxf5 41. Rf3 Re7 42. Qe5 Qxe5 43. Rxe5 Kg7 44. b3 Kf6 45. Re1 c5 46. Kf1 b4 47. Rfe3 Kf5 48. cxb4 cxb4 49. Rd1 Rxe6 50. Rxe6 Kxe6 51. Rd4 Ke5 52. Rxb4 d4 53. a4 Nd3 54. Rc4 Kd5 55. a5 1-0

[Event "SWE-chT 9899"]
[Site "Sweden"]
[Date "1999.??.??"]
[Round "10"]
[White "Setterqvist, Kurt"]
[Black "Sjogren, Bo"]
[Result "1-0"]
[WhiteElo "2341"]
[BlackElo "2221"]
[PlyCount "65"]
[EventDate "1998.??.??"]
[EventType "team"]
[EventRounds "11"]
[EventCountry "SWE"]
[SourceTitle "EXT 2000"]
[Source "ChessBase"]
[SourceDate "1999.11.16"]
[SourceVersion "1"]
[SourceVersionDate "1999.11.16"]
[SourceQuality "1"]

1. Nf3 Nf6 2. c4 Nc6 3. d4 e6 4. Bg5 h6 5. Bxf6 Qxf6 6. Nc3 Bb4 7. Rc1 0-0 8. a3 Bxc3+ 9. Rxc3 d6 10. g3 e5 11. d5 Ne7 12. Bg2 Qg6 13. 0-0 f5 14. Qc2 c5 15. dxc6 bxc6 16. Rd1 e4 17. Nd4 d5 18. cxd5 cxd5 19. Rc7 Qf6 20. Qc5 Rf7 21. Nc6 Nxc6 22. Rxc6 Qd8 23. Rxd5 Qe8 24. Re5 Qd8 25. Rd6 Bd7 26. Qd5 Rc8 27. Rxf5 Rc1+ 28. Bf1 Bxf5 29. Rxd8+ Kh7 30. Qxf7 Bh3 31. Qg8+ Kg6 32. Rd6+ Kh5 33. Qd5+ 1-0

[Event "SWE-chT 9899"]
[Site "Sweden"]
[Date "1999.??.??"]
[Round "7"]
[White "Setterqvist, Kurt"]
[Black "Welin, Thomas"]
[Result "1/2-1/2"]
[WhiteElo "2305"]
[BlackElo "2375"]
[PlyCount "99"]
[EventDate "1998.??.??"]
[EventType "team"]
[EventRounds "11"]
[EventCountry "SWE"]
[SourceTitle "EXT 2000"]
[Source "ChessBase"]
[SourceDate "1999.11.16"]
[SourceVersion "1"]
[SourceVersionDate "1999.11.16"]
[SourceQuality "1"]

1. d4 d5 2. Nf3 Nf6 3. Bg5 g6 4. Nbd2 Bg7 5. e3 0-0 6. Bd3 c5 7. c3 Qb6 8. Qb3 Nc6 9. 0-0 c4 10. Qxb6 axb6 11. Bc2 Bf5 12. Bxf5 gxf5 13. Ne5 Nxe5 14. dxe5 Ng4 15. Bxe7 Rfe8 16. Bf6 Bxf6 17. exf6 f4 18. e4 dxe4 19. Nxc4 Re6 20. a4 Nxf6 21. Rfd1 e3 22. fxe3 fxe3 23. Re1 Nd5 24. Rad1 Nf6 25. Rxe3 Rxe3 26. Nxe3 Rxa4 27. Nf5 Re4 28. Rd6 Re6 29. Rd4 h5 30. h3 Kh7 31. Nd6 Kg6 32. Nxb7 Re2 33. Rb4 Nd5 34. Rb5 Ne3 35. Rxb6+ f6 36. Nc5 Rxg2+ 37. Kh1 Rg3 38. Rxf6+ Kxf6 39. Ne4+ Kg6 40. Nxg3 Nd1 41. Kg2 Nxb2 42. Kf3 Kg5 43. Ne4+ Kh4 44. Nf2 Nc4 45. Kg2 Ne3+ 46. Kh2 Nf1+ 47. Kg2 Ne3+ 48. Kf3 Nc4 49. Kf4 Nb6 50. Kf3 1/2-1/2

[Event "SWE-chT 9900"]
[Site "Sweden"]
[Date "1999.??.??"]
[Round "5"]
[White "Setterqvist, Kurt"]
[Black "Welin, Thomas"]
[Result "1/2-1/2"]
[WhiteElo "2305"]
[BlackElo "2375"]
[PlyCount "107"]
[EventDate "1999.11.??"]
[EventType "team"]
[EventRounds "11"]
[EventCountry "SWE"]
[SourceTitle "EXT 2002"]
[Source "ChessBase"]
[SourceDate "2001.11.25"]
[SourceVersion "1"]
[SourceVersionDate "2001.11.25"]
[SourceQuality "1"]

1. Nf3 d6 2. d4 Bg4 3. c4 Bxf3 4. exf3 g6 5. g3 Bg7 6. Bg2 c6 7. Nc3 Nf6 8. 0-0 0-0 9. Be3 e6 10. h3 d5 11. c5 b5 12. b4 a5 13. bxa5 Qxa5 14. Qc2 Nfd7 15. Ne2 Na6 16. f4 Nc7 17. Rfb1 Qa4 18. Qd2 Ra7 19. Nc3 Qa5 20. a4 b4 21. Na2 Rb8 22. Rxb4 Rxb4 23. Nxb4 Nxc5 24. Rb1 Nxa4 25. Nxc6 Qxd2 26. Bxd2 Ra6 27. Rc1 Bf8 28. Ne5 Ra7 29. Bf1 Nb6 30. Rc6 Nca8 31. Rc1 f6 32. Nf3 Kf7 33. Bb5 Bd6 34. g4 Nc7 35. Bd3 Nc4 36. Be3 Nxe3 37. fxe3 Ra3 38. Ne1 Ke7 39. Kf2 Kd7 40. Ke2 Bb4 41. Nc2 Ra2 42. Ra1 Rxa1 43. Nxa1 e5 44. Nc2 Bd6 45. fxe5 fxe5 46. dxe5 Bxe5 47. Kf3 Ne6 48. h4 Kd6 49. Ne1 Bc3 50. Ng2 Be5 51. Bb1 g5 52. Bf5 gxh4 53. Nxh4 Ng5+ 54. Ke2 1/2-1/2

[Event "SWE-chT 9899"]
[Site "Sweden"]
[Date "1998.10.16"]
[Round "1"]
[White "Schneider, Stefan"]
[Black "Setterqvist, Kurt"]
[Result "1-0"]
[WhiteElo "2320"]
[BlackElo "2305"]
[PlyCount "103"]
[EventDate "1998.??.??"]
[EventType "team"]
[EventRounds "11"]
[EventCountry "SWE"]
[SourceTitle "EXT 2000"]
[Source "ChessBase"]
[SourceDate "1999.11.16"]
[SourceVersion "1"]
[SourceVersionDate "1999.11.16"]
[SourceQuality "1"]

1. d4 d5 2. c4 c6 3. Nc3 Nf6 4. e3 g6 5. Nf3 Bg7 6. Be2 0-0 7. 0-0 Bg4 8. cxd5 cxd5 9. Qb3 b6 10. h3 Bxf3 11. Bxf3 e6 12. Qa4 a6 13. Bd2 Nbd7 14. Rfc1 b5 15. Qd1 Nb6 16. b3 Nc8 17. Ne2 Nd6 18. Bb4 Re8 19. a4 Nde4 20. axb5 axb5 21. Qd3 Ng5 22. Bc5 Nxf3+ 23. gxf3 Rb8 24. Ng3 h5 25. Ra7 h4 26. Nf1 Nh5 27. f4 Nf6 28. Bb4 Ra8 29. Rb7 Rb8 30. Rxb5 Qd7 31. Rxb8 Rxb8 32. Be1 Nh5 33. b4 Bf6 34. Nh2 Be7 35. Rb1 Nf6 36. Nf3 Ne4 37. Ne5 Qa4 38. b5 Bd6 39. f3 Bxe5 40. fxe4 dxe4 41. Qxe4 Bf6 42. b6 Qa6 43. b7 Kh7 44. Bf2 Kg8 45. Qc2 Bd8 46. Qb3 Qc6 47. Qb5 Qe4 48. Rb2 Qf5 49. Qe5 Qxe5 50. dxe5 Bc7 51. e4 Re8 52. Rc2 1-0

[Event "SWE-chT 9899"]
[Site "Sweden"]
[Date "1998.??.??"]
[Round "5"]
[White "Setterqvist, Kurt"]
[Black "Faibisovich, Vadim Z"]
[Result "1-0"]
[WhiteElo "2305"]
[BlackElo "2400"]
[PlyCount "120"]
[EventDate "1998.??.??"]
[EventType "team"]
[EventRounds "11"]
[EventCountry "SWE"]
[SourceTitle "EXT 2000"]
[Source "ChessBase"]
[SourceDate "1999.11.16"]
[SourceVersion "1"]
[SourceVersionDate "1999.11.16"]
[SourceQuality "1"]

1. Nf3 d5 2. d4 Nf6 3. Bg5 Nbd7 4. Nbd2 g6 5. e3 Bg7 6. Bd3 c5 7. c3 Qb6 8. Qb3 c4 9. Qxb6 Nxb6 10. Bc2 Bf5 11. Bxf6 Bxf6 12. e4 dxe4 13. Bxe4 0-0-0 14. 0-0 e6 15. Rfe1 Rd7 16. Bxf5 gxf5 17. Ne5 Rc7 18. Ndf3 Rd8 19. a4 a5 20. Nd2 Rd5 21. f4 Bxe5 22. fxe5 Rd8 23. Re3 Rg8 24. Rh3 Rg7 25. Kf2 Kd7 26. Rh4 Ke7 27. g3 Nd5 28. Ke2 Kf8 29. Nb1 Kg8 30. Na3 Rg4 31. Rxg4+ fxg4 32. Nb5 Rc6 33. Kd2 Kg7 34. Re1 Kg6 35. Kc2 h5 36. Nd6 b6 37. Nb5 Rc8 38. b3 cxb3+ 39. Kxb3 h4 40. c4 hxg3 41. hxg3 Ne7 42. Nd6 Rf8 43. Re4 Kg5 44. Rf4 Nf5 45. Ne4+ Kh6 46. d5 Nd4+ 47. Kb2 Nf3 48. dxe6 Nxe5 49. Kb3 Ng6 50. Rxf7 Rxf7 51. exf7 Kg7 52. c5 bxc5 53. Kc4 Kxf7 54. Kxc5 Ke6 55. Kb5 Ne5 56. Kxa5 Kd5 57. Nf2 Kc5 58. Ne4+ Kd4 59. Nf6 Ke3 60. Nh5 Nc4+ 1-0

[Event "SWE-chT 9394"]
[Site "Sweden"]
[Date "1993.??.??"]
[Round "3"]
[White "Renman, Nils Gustaf"]
[Black "Setterqvist, Kurt"]
[Result "1-0"]
[WhiteElo "2390"]
[BlackElo "2305"]
[PlyCount "81"]
[EventDate "1993.??.??"]
[EventType "team"]
[EventRounds "9"]
[EventCountry "SWE"]
[SourceTitle "EXT 2000"]
[Source "ChessBase"]
[SourceDate "1999.11.16"]
[SourceVersion "1"]
[SourceVersionDate "1999.11.16"]
[SourceQuality "1"]

1. d4 e6 2. e4 d5 3. Nc3 dxe4 4. Nxe4 Bd7 5. Nf3 Bc6 6. Bd3 Nd7 7. 0-0 Ngf6 8. Neg5 Bd6 9. Re1 h6 10. Nh3 Bxf3 11. Qxf3 c6 12. Bf4 Bxf4 13. Nxf4 0-0 14. c3 a5 15. Bc2 Re8 16. Nd3 Nf8 17. Ne5 a4 18. a3 Qc7 19. Rad1 Ra5 20. c4 c5 21. Qc3 cxd4 22. Qxd4 Rc8 23. Re2 b6 24. h3 Qa7 25. Rd3 Rac5 26. Rg3 Qc7 27. Qe3 Kh8 28. Bxa4 Nh5 29. Rf3 f6 30. Nd3 Rg5 31. Bb5 e5 32. Qe4 Rd8 33. h4 Rd4 34. Qxd4 exd4 35. hxg5 hxg5 36. Rh3 g6 37. g4 f5 38. gxh5 g4 39. Rh2 g5 40. Ne5 Qd6 41. Nf7+ 1-0

[Event "SWE-ch"]
[Site "Helsingborg"]
[Date "1991.??.??"]
[Round "1"]
[White "Johansson, Jan"]
[Black "Setterqvist, Kurt"]
[Result "1/2-1/2"]
[WhiteElo "2365"]
[BlackElo "2335"]
[PlyCount "48"]
[EventDate "1991.??.??"]
[EventType "tourn"]
[EventRounds "15"]
[EventCountry "SWE"]
[EventCategory "4"]
[SourceTitle "TD"]
[Source "ChessBase"]
[SourceDate "1994.03.01"]
[SourceVersion "1"]
[SourceVersionDate "1994.03.01"]
[SourceQuality "1"]

1. d4 b5 2. e4 Bb7 3. Bd3 e6 4. Nf3 c5 5. c3 a6 6. 0-0 Nf6 7. Nbd2 cxd4 8. cxd4 Be7 9. Re1 Nc6 10. d5 Nb4 11. Bb1 exd5 12. e5 Ne4 13. Nxe4 dxe4 14. Bxe4 Bxe4 15. Rxe4 0-0 16. Bf4 Nc6 17. Qd5 Rc8 18. h3 Nb8 19. Rd1 Qb6 20. a3 Rc2 21. Rd2 Rxd2 22. Bxd2 Qe6 23. Rd4 Rc8 24. Qe4 Nc6 1/2-1/2

[Event "SWE-ch"]
[Site "Helsingborg"]
[Date "1991.??.??"]
[Round "9"]
[White "Setterqvist, Kurt"]
[Black "Brynell, Stellan"]
[Result "1/2-1/2"]
[WhiteElo "2335"]
[BlackElo "2390"]
[PlyCount "29"]
[EventDate "1991.??.??"]
[EventType "tourn"]
[EventRounds "15"]
[EventCountry "SWE"]
[EventCategory "4"]
[SourceTitle "TD"]
[Source "ChessBase"]
[SourceDate "1994.03.01"]
[SourceVersion "1"]
[SourceVersionDate "1994.03.01"]
[SourceQuality "1"]

1. Nf3 Nf6 2. c4 c5 3. g3 b6 4. Bg2 Bb7 5. 0-0 e6 6. Nc3 Nc6 7. b3 Be7 8. Bb2 0-0 9. e3 a6 10. d4 cxd4 11. Nxd4 Rb8 12. Nxc6 Bxc6 13. Bxc6 dxc6 14. Qf3 Qc7 15. Rfd1 1/2-1/2

[Event "SWE-ch"]
[Site "Gothenburg"]
[Date "1990.??.??"]
[Round "?"]
[White "Setterqvist, Kurt"]
[Black "Astrom, Robert"]
[Result "1/2-1/2"]
[WhiteElo "2320"]
[BlackElo "2315"]
[PlyCount "52"]
[EventDate "1990.??.??"]
[EventType "tourn"]
[EventRounds "15"]
[EventCountry "SWE"]
[EventCategory "5"]
[SourceTitle "EXT 1997"]
[Source "ChessBase"]
[SourceDate "1996.11.15"]
[SourceVersion "1"]
[SourceVersionDate "1996.11.15"]
[SourceQuality "1"]

1. Nf3 g6 2. d4 Bg7 3. g3 d6 4. Bg2 f5 5. 0-0 Nf6 6. Nbd2 0-0 7. c3 Nc6 8. Re1 e5 9. e4 fxe4 10. Nxe4 Nxe4 11. Rxe4 d5 12. Re1 Bg4 13. h3 Bxf3 14. Bxf3 exd4 15. Bg2 Kh8 16. Re2 Qd7 17. Bf4 Rae8 18. Rd2 dxc3 19. bxc3 Ne7 20. Bxd5 Nxd5 21. Rxd5 Qxh3 22. Bxc7 Bxc3 23. Rc1 Bg7 24. Bf4 Qe6 25. Rc7 Rf7 26. Rdd7 Rxd7 1/2-1/2

[Event "SWE-ch"]
[Site "Gothenburg"]
[Date "1990.??.??"]
[Round "?"]
[White "Setterqvist, Kurt"]
[Black "Barkhagen, Jonas"]
[Result "1/2-1/2"]
[WhiteElo "2320"]
[BlackElo "2235"]
[PlyCount "81"]
[EventDate "1990.??.??"]
[EventType "tourn"]
[EventRounds "15"]
[EventCountry "SWE"]
[EventCategory "5"]
[SourceTitle "EXT 1997"]
[Source "ChessBase"]
[SourceDate "1996.11.15"]
[SourceVersion "1"]
[SourceVersionDate "1996.11.15"]
[SourceQuality "1"]

1. Nf3 Nf6 2. c4 g6 3. Nc3 Bg7 4. e4 d6 5. d4 0-0 6. Be2 c5 7. 0-0 cxd4 8. Nxd4 Nc6 9. Be3 Bd7 10. Qd2 Ng4 11. Bxg4 Bxg4 12. Rac1 Bd7 13. b3 a6 14. Rfd1 Re8 15. Nd5 Nxd4 16. Bxd4 Bxd4 17. Qxd4 Bc6 18. Rc3 Bxd5 19. exd5 e5 20. dxe6 Rxe6 21. Re3 Rxe3 22. Qxe3 Qa5 23. Qe2 Rd8 24. Rd5 Qc3 25. g3 Qf6 26. Kg2 Rc8 27. Qd2 Rc6 28. h4 h5 29. a4 Kh7 30. Qd3 Kg7 31. b4 Qa1 32. b5 Rc8 33. Rxd6 Qxa4 34. bxa6 bxa6 35. Qc3+ Kh7 36. c5 Qe4+ 37. Kh2 Qf5 38. Rf6 Rxc5 39. Qd4 Qd5 40. Qxd5 Rxd5 41. Rxa6 1/2-1/2

[Event "SWE-ch"]
[Site "Gothenburg"]
[Date "1990.??.??"]
[Round "?"]
[White "Setterqvist, Kurt"]
[Black "Brynell, Stellan"]
[Result "1-0"]
[WhiteElo "2320"]
[BlackElo "2430"]
[PlyCount "53"]
[EventDate "1990.??.??"]
[EventType "tourn"]
[EventRounds "15"]
[EventCountry "SWE"]
[EventCategory "5"]
[SourceTitle "EXT 1997"]
[Source "ChessBase"]
[SourceDate "1996.11.15"]
[SourceVersion "1"]
[SourceVersionDate "1996.11.15"]
[SourceQuality "1"]

1. Nf3 Nc6 2. d4 d5 3. g3 Bg4 4. Bg2 Qd7 5. h3 Bh5 6. c3 e6 7. 0-0 Bd6 8. Nbd2 f5 9. c4 Nf6 10. c5 Be7 11. b4 Ne4 12. b5 Nd8 13. Nxe4 dxe4 14. Ne5 Qxb5 15. g4 Bf7 16. f3 exf3 17. Rxf3 0-0 18. Be3 fxg4 19. hxg4 Be8 20. Rh3 Nc6 21. Qc2 g6 22. Rb1 Qa5 23. Bxc6 bxc6 24. Qc4 Bf6 25. Qxe6+ Kh8 26. Kg2 Qa6 27. Rxh7+ 1-0

[Event "SWE-ch"]
[Site "Gothenburg"]
[Date "1990.??.??"]
[Round "?"]
[White "Wessman, Richard"]
[Black "Setterqvist, Kurt"]
[Result "1/2-1/2"]
[WhiteElo "2505"]
[BlackElo "2320"]
[PlyCount "48"]
[EventDate "1990.??.??"]
[EventType "tourn"]
[EventRounds "15"]
[EventCountry "SWE"]
[EventCategory "5"]
[SourceTitle "EXT 1997"]
[Source "ChessBase"]
[SourceDate "1996.11.15"]
[SourceVersion "1"]
[SourceVersionDate "1996.11.15"]
[SourceQuality "1"]

1. d4 e6 2. c4 f5 3. Nf3 Nf6 4. g3 d5 5. Bg2 c6 6. 0-0 Bd6 7. b3 0-0 8. Ba3 Bxa3 9. Nxa3 Qe7 10. Nb1 b6 11. Nbd2 Bb7 12. Qc2 Nbd7 13. e3 Rac8 14. Qb2 Ne4 15. Rac1 c5 16. Rfd1 Nxd2 17. Rxd2 dxc4 18. Rxc4 Bd5 19. Rc1 Rc7 20. Rdc2 Rfc8 21. Qa3 Be4 22. Rc3 a5 23. Ne1 Bxg2 24. Nxg2 e5 1/2-1/2

[Event "Copenhagen Open-07 (Politiken Cup-06)"]
[Site "Brondby"]
[Date "1985.06.21"]
[Round "9"]
[White "Sorensen, Torben"]
[Black "Setterqvist, Kurt"]
[Result "1-0"]
[WhiteElo "2315"]
[BlackElo "2245"]
[PlyCount "97"]
[EventDate "1985.06.12"]
[EventType "swiss"]
[EventRounds "10"]
[EventCountry "DEN"]
[SourceTitle "MCD"]
[Source "ChessBase"]
[SourceDate "1999.07.01"]
[SourceVersion "1"]
[SourceVersionDate "1999.07.01"]
[SourceQuality "1"]

1. e4 Nf6 2. e5 Nd5 3. d4 d6 4. Nf3 g6 5. Bc4 Nb6 6. Bb3 Bg7 7. Ng5 d5 8. f4 f6 9. Nf3 Bg4 10. Nbd2 Nc6 11. c3 Qd7 12. Qe2 0-0-0 13. a4 a5 14. 0-0 Rhg8 15. h3 Be6 16. Bd1 Nc4 17. Nb3 b6 18. Ra2 g5 19. Re1 Rde8 20. Na1 gxf4 21. b3 N4xe5 22. dxe5 fxe5 23. Bxf4 Bxh3 24. Bxe5 Nxe5 25. Nxe5 Qe6 26. Qh5 Bh6 27. Kh1 Bf5 28. Bf3 Ref8 29. Rae2 Bg5 30. Nc2 c5 31. Kg1 Kc7 32. Ne3 Be4 33. Bxe4 dxe4 34. N3c4 Rf5 35. Qxh7 Bf6 36. Nd3 Rh8 37. Qxh8 Bxh8 38. Rxe4 Qg6 39. Rxe7+ Kd8 40. Re8+ Qxe8 41. Rxe8+ Kxe8 42. Nd6+ Kd7 43. Nxf5 Bxc3 44. Kf2 Kc6 45. Ke3 b5 46. axb5+ Kxb5 47. Ke4 Bd2 48. Nd6+ Kc6 49. Nc4 1-0

[Event "Copenhagen Open-07 (Politiken Cup-06)"]
[Site "Brondby"]
[Date "1985.06.19"]
[Round "7"]
[White "Setterqvist, Kurt"]
[Black "Steczkowski, Kazimierz"]
[Result "0-1"]
[WhiteElo "2245"]
[BlackElo "2390"]
[PlyCount "98"]
[EventDate "1985.06.12"]
[EventType "swiss"]
[EventRounds "10"]
[EventCountry "DEN"]
[SourceTitle "MCD"]
[Source "ChessBase"]
[SourceDate "1999.07.01"]
[SourceVersion "1"]
[SourceVersionDate "1999.07.01"]
[SourceQuality "1"]

1. Nf3 Nf6 2. c4 g6 3. Nc3 Bg7 4. d4 0-0 5. e4 d6 6. Be2 Nbd7 7. 0-0 e5 8. Re1 c6 9. Bf1 Ng4 10. h3 exd4 11. Nxd4 Qb6 12. hxg4 Qxd4 13. Be3 Qe5 14. Qd2 Qe7 15. Rad1 Ne5 16. g5 Be6 17. b3 Rad8 18. f3 f6 19. gxf6 Bxf6 20. Bh6 Rf7 21. Be2 Bh4 22. Rf1 g5 23. g3 Qf6 24. gxh4 Qxh6 25. hxg5 Qh4 26. f4 Qg3+ 27. Kh1 Qh3+ 28. Kg1 Qg3+ 29. Kh1 Rdf8 30. f5 Qh3+ 31. Kg1 Qg3+ 32. Kh1 Qh3+ 33. Kg1 Qg3+ 34. Kh1 Rg7 35. Bh5 Bf7 36. g6 hxg6 37. fxg6 Nxg6 38. Rf3 Qh4+ 39. Qh2 Qxh2+ 40. Kxh2 Rh7 41. Rh3 Be6 42. Rxd6 Nf4 43. Rxe6 Nxe6 44. Bg4 Rxh3+ 45. Kxh3 Nf4+ 46. Kh4 Kf7 47. Kg5 Ke7 48. e5 Nd3 49. e6 Nc5 0-1

[Event "Copenhagen Open-07 (Politiken Cup-06)"]
[Site "Brondby"]
[Date "1985.06.14"]
[Round "3"]
[White "Welin, Thomas"]
[Black "Setterqvist, Kurt"]
[Result "1-0"]
[WhiteElo "2395"]
[BlackElo "2245"]
[PlyCount "47"]
[EventDate "1985.06.12"]
[EventType "swiss"]
[EventRounds "10"]
[EventCountry "DEN"]
[SourceTitle "MCD"]
[Source "ChessBase"]
[SourceDate "1999.07.01"]
[SourceVersion "1"]
[SourceVersionDate "1999.07.01"]
[SourceQuality "1"]

1. Nf3 Nf6 2. c4 e6 3. Nc3 d5 4. d4 Be7 5. Bg5 0-0 6. Qc2 Nbd7 7. Rd1 c6 8. e3 h6 9. Bh4 b6 10. Bd3 Bb7 11. 0-0 Nh5 12. Bg3 Nxg3 13. hxg3 Nf6 14. e4 dxe4 15. Nxe4 Nxe4 16. Bxe4 Qc7 17. Ne5 Rfd8 18. Bh7+ Kf8 19. Nxf7 Kxf7 20. Qg6+ Kf8 21. Qxe6 Bf6 22. Qg8+ Ke7 23. Rfe1+ Qe5 24. dxe5 1-0